[Event "Atom Cup GM 3rd"]
[Site "Paks"]
[Date "1998.??.??"]
[Round "1"]
[White "Gershon, Alik"]
[Black "Groszpeter, Attila"]
[Result "1-0"]
[WhiteElo "2460"]
[BlackElo "2505"]

1.e4 c5 2.Nf3 d6 3.d4 cxd4 4.Nxd4 Nf6 5.Nc3 Nc6 6.Bg5 e6 7.Qd2 a6 8.O-O-O h6
9.Nxc6 bxc6 10.Bf4 d5 11.Qe3 Qa5 12.Be2 Qc5 13.Qg3 d4 14.Na4 Qb4 15.Qb3 Qxb3
16.axb3 Nd7 17.Rxd4 e5 18.Rxd7 Bxd7 19.Bxe5 Be6 20.Rd1 Be7 21.Bxg7 Rg8 22.Be5 Rxg2
23.Bg3 Bg5+ 24.Kb1 Rd8 25.Re1 Bd2 26.Rh1 Be3 27.Bf3 Rxf2 28.Bxf2 Bxf2 29.b4 Rd2
30.h3 Ke7 31.Bg4 Kd6 32.Rh2 Be3 33.Rxd2+ Bxd2 34.Bxe6 Kxe6 35.c3 Ke5 36.Kc2 Bg5
37.Kd3 Kf4 38.Nc5 Kg3 39.Nxa6 Kxh3 40.Nb8 Bf4 41.Nxc6 h5 42.e5 h4 43.b5 Kg3
44.b6 h3 45.b7 h2 46.b8=Q h1=Q 47.Qg8+ Kf2 48.Qxf7 Qf3+ 49.Kc2 Ke1 50.Kb3  1-0

[Event "HUN-ch U18"]
[Site "Paks"]
[Date "1998.??.??"]
[Round "1"]
[White "Toth, Andras"]
[Black "Olle, Peter"]
[Result "1-0"]
[WhiteElo "2325"]
[BlackElo "2120"]

1.e4 c5 2.Nf3 d6 3.d4 cxd4 4.Nxd4 Nf6 5.Nc3 Nc6 6.Bg5 e6 7.Qd2 Be7 8.O-O-O Nxd4
9.Qxd4 O-O 10.f4 Qa5 11.Bc4 Bd7 12.e5 dxe5 13.fxe5 Bc6 14.Bd2 Nd7 15.Nd5 Qd8
16.Nxe7+ Qxe7 17.Rhe1 Rfd8 18.Qg4 Nf8 19.Bd3 Rxd3 20.cxd3 Qd7 21.Bb4 Qd5
22.Bxf8 Rxf8 23.Kb1 Qxg2 24.Qxg2 Bxg2 25.Kc2 Rd8 26.Kd2 Bc6 27.Rc1 h5 28.Rc5 Rd4
29.Rc4 Rd5 30.Kc3 Kh7 31.Rd4 Rc5+ 32.Kd2 Rb5 33.b4 a5 34.a3 g5 35.Kc3 axb4+
36.axb4 Rd5 37.Rxd5 Bxd5 38.Kd4 g4 39.Ke3 h4 40.Kf4 g3 41.h3 Kg6 42.Kg4 g2
43.Kxh4 Kf5 44.Kg3 Bc6 45.d4 Bd5 46.Rg1 b5 47.Rxg2 Ke4 48.Rf2 Kxd4 49.Rxf7 Kxe5
50.h4 Be4 51.h5 Kd5 52.h6 e5 53.h7 Bxh7 54.Rxh7 Kc4 55.Rh4+ Kd3 56.Kf3  1-0

[Event "HUN-ch U12"]
[Site "Paks"]
[Date "1998.??.??"]
[Round "2"]
[White "Torma, Robert"]
[Black "Balogh, Csaba"]
[Result "0-1"]
[WhiteElo "2040"]
[BlackElo "2155"]

1.e4 c5 2.Nf3 d6 3.d4 cxd4 4.Nxd4 Nf6 5.Nc3 Nc6 6.Bg5 e6 7.Qd2 a6 8.O-O-O h6
9.Be3 Bd7 10.f4 b5 11.Bd3 Qc7 12.Rhe1 Na5 13.Bg1 Rb8 14.e5 dxe5 15.fxe5 b4
16.exf6 bxc3 17.Qxc3 Qxc3 18.bxc3 gxf6 19.Bxa6 Nc6 20.Bb5 Ba3+ 21.Kd2 Rc8
22.Re3 Ne5 23.Bxd7+ Kxd7 24.Nb5 Bc5 25.Ke2+ Ke7 26.Re4 Bxg1 27.Rxg1 Rc5 28.a4 Ra8
29.Ra1 Rxb5 30.axb5 Rxa1 31.Rb4 Ra8 32.c4 Kd6  0-1

[Event "HUN-ch U16"]
[Site "Paks"]
[Date "1998.??.??"]
[Round "2"]
[White "Bokros, Albert"]
[Black "Pataki, Gyozo"]
[Result "1/2-1/2"]
[WhiteElo "2365"]
[BlackElo "2225"]

1.e4 c5 2.Nf3 Nc6 3.d4 cxd4 4.Nxd4 Nf6 5.Nc3 d6 6.Bg5 e6 7.Qd2 a6 8.O-O-O h6
9.Be3 Be7 10.f3 Nxd4 11.Bxd4 b5 12.Kb1 Bb7 13.Bd3 e5 14.Be3 O-O 15.Be2 b4
16.Nd5 Nxd5 17.exd5 a5 18.g4 Bg5 19.h4 Bxe3 20.Qxe3 Ba6 21.g5 h5 22.Bxa6 Rxa6
23.f4 exf4 24.Qe2 Qc8 25.Qxh5 a4 26.Qe2 a3 27.Rd4 axb2 28.Rxb4 Qa8 29.Qc4 Rc8
30.Qb3 Ra3 31.Qxb2 Qxd5 32.Rc1 Rca8 33.c4 Qf5+ 34.Qc2 Qc5 35.Rb2 f3 36.g6 fxg6
37.Qxg6 Rf8 38.Qe6+ Kh8 39.Rb5 Re3 40.Qg4 Qa7 41.Rf1 Qe7 42.Qh5+ Kg8 43.Qd5+ Qe6
44.Rb3 Qxd5 45.cxd5 Rxb3+ 46.axb3 Kh7 47.Kc2 Kh6 48.Kd3 Kh5 49.Ke3 Kg4 50.Kf2 Kxh4
51.Rh1+ Kg5 52.Rg1+ Kf6 53.Kxf3 Ke5+ 54.Ke3 Kxd5 55.Rxg7 Rb8 56.Rg5+ Kc6
57.Kd4 Rxb3 58.Rh5 Rb4+ 59.Kd3 Rg4 60.Rf5 Rh4  1/2-1/2

[Event "Atom Cup IM 3rd"]
[Site "Paks"]
[Date "1998.??.??"]
[Round "3"]
[White "Toth, Andras"]
[Black "Nor, Igal"]
[Result "0-1"]
[WhiteElo "2330"]
[BlackElo "2280"]

1.e4 c5 2.Nf3 d6 3.d4 cxd4 4.Nxd4 Nf6 5.Nc3 Nc6 6.Bg5 e6 7.Qd2 Be7 8.O-O-O O-O
9.Nb3 Qb6 10.f3 Rd8 11.Nb5 Rd7 12.Be3 Qd8 13.N5d4 e5 14.Nf5 d5 15.Bd3 Bb4
16.Qe2 d4 17.Bg5 g6 18.Nh6+ Kg7 19.Bc4 Qc7 20.Qf2 Ne8 21.Qh4 f6 22.Bd2 Bxd2+
23.Rxd2 Nb4 24.Bb5 Re7 25.a3 Nc6 26.g4 Nd6 27.Bd3 Nf7 28.Nxf7 Rxf7 29.Bc4 Rf8
30.Kb1 Ne7 31.Bd3 g5 32.Qf2 Ng6 33.Nc1 Be6 34.Ne2 Kh8 35.Ng3 Rab8 36.Nh5 b5
37.h4 b4 38.axb4 Rxb4 39.b3 Qc3 40.Qe1 Bxb3  0-1

[Event "Atom Cup GM 3rd"]
[Site "Paks"]
[Date "1998.??.??"]
[Round "4"]
[White "Groszpeter, Attila"]
[Black "Molnar, Bela"]
[Result "1/2-1/2"]
[WhiteElo "2505"]
[BlackElo "2340"]

1.e4 c5 2.Nf3 Nc6 3.d4 cxd4 4.Nxd4 Nf6 5.Nc3 d6 6.Bg5 Bd7 7.Bb5 Qb6 8.Be3 Ng4
9.O-O Nxe3 10.fxe3 e6 11.Qh5 g6 12.Qf3 O-O-O 13.Bxc6 bxc6 14.Qxf7 Bh6 15.Nb3 Rdf8
16.Qe7 Bxe3+ 17.Kh1 Bf4 18.e5 d5 19.Nc5 Qd8 20.Qd6 Qc7 21.Qe7 Qd8 22.Qd6  1/2-1/2

[Event "Atom Cup GM 3rd"]
[Site "Paks"]
[Date "1998.??.??"]
[Round "4"]
[White "Bakre, Tejas"]
[Black "Gershon, Alik"]
[Result "1-0"]
[WhiteElo "2290"]
[BlackElo "2460"]

1.e4 c5 2.Nf3 d6 3.d4 Nf6 4.Nc3 cxd4 5.Nxd4 Nc6 6.Bg5 e6 7.Qd2 a6 8.O-O-O h6
9.Bf4 Bd7 10.Nxc6 Bxc6 11.f3 d5 12.Qe1 Bb4 13.a3 Ba5 14.b4 Bb6 15.exd5 Bxd5
16.Be5 O-O 17.Qh4 Be3+ 18.Kb2 Bg5 19.Qd4 Bc6 20.a4 Qxd4 21.Bxd4 Rfc8 22.Kb3 Nd7
23.a5 Rc7 24.Bd3 Rac8 25.Ne4 Bd5+ 26.c4 Rxc4 27.Bxc4 Rxc4 28.Bc3 Be7 29.Rxd5 exd5
30.Rd1 Rc7 31.Rxd5 f6 32.f4 Kf7 33.f5 Nb8 34.Nf2 Rd7 35.Rxd7 Nxd7 36.Nd3 Bd6
37.h3 Ke7 38.Kc4 Nb8 39.Bd4 Nc6 40.Nc5 Nd8 41.Ne4 Nf7 42.Nc5 Nd8 43.b5 Bxc5
44.Bxc5+ Ke8 45.bxa6 bxa6 46.Kd5 Nb7 47.Bb4 Kd7 48.g4 h5 49.gxh5 Nd8 50.Bf8 Nb7
51.Bxg7 Ke7 52.h6 Kf7 53.Bh8 Kg8 54.Bxf6 Nxa5 55.Bc3  1-0

[Event "Atom Cup GM 3rd"]
[Site "Paks"]
[Date "1998.??.??"]
[Round "5"]
[White "Horvath, Adam"]
[Black "Bakre, Tejas"]
[Result "1/2-1/2"]
[WhiteElo "2455"]
[BlackElo "2290"]

1.e4 c5 2.Nf3 d6 3.d4 cxd4 4.Nxd4 Nf6 5.Nc3 Nc6 6.Bg5 e6 7.Qd3 a6 8.O-O-O Bd7
9.f4 h6 10.Nxc6 Bxc6 11.Bxf6 Qxf6 12.g3 Be7 13.Bg2 O-O 14.Rhe1 Rfd8 15.Qe3 Rac8
16.Qb6 Bf8 17.e5 Qe7 18.exd6 Rxd6 19.Rxd6 Qxd6 20.Rd1 Qb8 21.Bxc6 Rxc6 22.Qd8 Rc8
23.Qd7 Rc7 24.Qd3 Rc6 25.Ne4 Qc7 26.c3 Be7 27.Kb1 f5 28.Nd2 Rd6 29.Qe2 Qd7
30.Kc2 Bf6 31.Re1 b5 32.Nb3 Qc6 33.a3 Kf7 34.Qf2 Qd5 35.Qa7+ Kg6 36.Qe3 Kf7
37.Qe2 Qc6 38.Qh5+ Kf8 39.Qe2  1/2-1/2

[Event "Atom Cup GM 3rd"]
[Site "Paks"]
[Date "1998.??.??"]
[Round "7"]
[White "Molnar, Bela"]
[Black "Bakre, Tejas"]
[Result "1/2-1/2"]
[WhiteElo "2340"]
[BlackElo "2290"]

1.e4 c5 2.Nf3 d6 3.d4 cxd4 4.Nxd4 Nf6 5.Nc3 Nc6 6.Bg5 e6 7.Qd3 a6 8.O-O-O h6
9.Bh4 g5 10.Bg3 Ne5 11.Qe2 Nfd7 12.h4 Rg8 13.hxg5 hxg5 14.f4 gxf4 15.Bh4 Be7
16.Nxe6 fxe6 17.Qh5+ Ng6 18.Rxd6 Bxd6 19.Bxd8 Kxd8 20.Bc4 Nde5 21.Rd1 Kc7
22.Qh7+ Ne7 23.Qh3 Bd7 24.Ne2 Nxc4 25.Qd3 Nc6 26.Qxc4 Be5 27.Nd4 Bxd4 28.Rxd4 Raf8
29.Qc5 Bc8 30.Qd6+ Kb6 31.b4 Ka7 32.Rd3 Rd8 33.Qc5+ Kb8 34.a4 Rxd3 35.cxd3 Rd8
36.b5 Nd4 37.Qe5+ Ka8 38.Qc7 Re8 39.e5 Rg8 40.Qc4 Nf5 41.Qxf4 Rxg2 42.bxa6 bxa6
43.Qc4 Rg8 44.Qc6+ Kb8 45.Qb6+ Ka8 46.Qc6+  1/2-1/2

[Event "HUN-ch U18"]
[Site "Paks"]
[Date "1998.??.??"]
[Round "9"]
[White "Hajnal, Zoltan"]
[Black "Toth, Andras"]
[Result "1-0"]
[WhiteElo "2185"]
[BlackElo "2325"]

1.e4 c5 2.Nf3 d6 3.d4 cxd4 4.Nxd4 Nf6 5.Nc3 Nc6 6.Bg5 e6 7.Qd2 a6 8.O-O-O Bd7
9.f3 Qa5 10.h4 b5 11.Kb1 Be7 12.Nxc6 Bxc6 13.g4 h6 14.Be3 Nd7 15.g5 b4 16.Ne2 hxg5
17.Nd4 Rc8 18.Nb3 Qc7 19.Bxa6 Ra8 20.Bd3 gxh4 21.Bg5 Qa7 22.Nc1 Qc5 23.Bxe7 Kxe7
24.Be2 Bb7 25.Nd3 Qd4 26.Qe1 Ra4 27.Rxh4 Rha8 28.Nc1 Qc5 29.Rh7 g5 30.Qg3 Qe5
31.Qg2 Nf6 32.Rh6 Qf4 33.Rh3 g4 34.fxg4 Bxe4 35.Bf3 Bxf3 36.Rxf3 Qxg4 37.Qf2 Qg6
38.Rf1 Nd7 39.Rxf7+ Kd8 40.Qh4+ Kc7 41.Qc4+ Kd8 42.Qc6 R8a7 43.Rxd7+  1-0

[Event "Atom Cup GM 3rd"]
[Site "Paks"]
[Date "1998.??.??"]
[Round "13"]
[White "Groszpeter, Attila"]
[Black "Bakre, Tejas"]
[Result "1-0"]
[WhiteElo "2505"]
[BlackElo "2290"]

1.e4 c5 2.Nf3 d6 3.d4 cxd4 4.Nxd4 Nf6 5.Nc3 Nc6 6.Bg5 e6 7.Bb5 Bd7 8.Ba4 a6
9.Nxc6 Bxc6 10.Bxc6+ bxc6 11.e5 Qa5 12.Bxf6 gxf6 13.exd6 Qe5+ 14.Qe2 Qxe2+
15.Kxe2 Bxd6 16.Rad1 O-O-O 17.Rd3 Be7 18.Rhd1 Rxd3 19.Rxd3 f5 20.Rg3 Kd7
21.Na4 Bd6 22.Rh3 Kc7 23.Rh5 h6 24.h3 Bf8 25.b3 Rg8 26.Kf3 Rg6 27.Nb2 Rg8
28.Rh4 Bg7 29.Nd3 Rh8 30.Ra4 Ra8 31.Ke2 Bf8 32.Rf4 Bd6 33.Rh4 Bf8 34.Ne5 Bg7
35.Nd3 Bf8 36.g3 Kd6 37.Rd4+ Kc7 38.Ra4 Bd6 39.Kd2 Be7 40.Ke3 Bf8 41.g4 fxg4
42.hxg4 Bd6 43.Ra5 Kb6 44.Rh5 Rg8 45.f3 Rg6 46.Nb2 Kb7 47.Nc4 Bc7 48.Nd2 Bd8
49.Ne4 Be7 50.a4 Kc7 51.Kd3 Kb7 52.Kc4 Kc7 53.b4 Kb7 54.c3 Kc7 55.a5 Kb7
56.Kb3 Kc7 57.Ka4 Kb7 58.c4 Ka7 59.Nc5 Bxc5 60.Rxc5 Kb7 61.b5 cxb5+ 62.cxb5 axb5+
63.Kxb5 f5 64.gxf5 exf5 65.Rxf5 Rg1 66.Rh5 Rf1 67.Rh3 h5 68.Kc4 Ka6 69.Kd3 Kxa5
70.Ke2 Rb1 71.Rxh5+ Kb6 72.Rd5 Kc6 73.Rd3 Rh1 74.Kf2 Rh3 75.Kg2 Rh8 76.f4 Rg8+
77.Kf3 Rf8 78.Rd4 Kc5 79.Rd7 Kc6 80.Rd3 Rh8 81.Kg4 Rg8+ 82.Kh5 Rf8 83.Kg5 Rg8+
84.Kh6 Rf8 85.Rd4 Kc5 86.Ra4 Kd6 87.Kg7 Rf5 88.Kg6 Rb5 89.f5 Rb1 90.f6 Rg1+
91.Kf7  1-0

[Event "Pardubice Czech op"]
[Site "Pardubice"]
[Date "1998.??.??"]
[Round "1"]
[White "Kuporosov, Viktor"]
[Black "Galianina, Julia"]
[Result "1-0"]
[WhiteElo "2500"]
[BlackElo "2295"]

1.e4 c5 2.Nf3 Nc6 3.d4 cxd4 4.Nxd4 Nf6 5.Nc3 d6 6.Bg5 e6 7.Qd2 a6 8.O-O-O h6
9.Be3 Qc7 10.f4 Be7 11.Bd3 Bd7 12.Kb1 b5 13.Rhe1 Nxd4 14.Bxd4 b4 15.Ne2 O-O
16.Ng3 Bc6 17.Qxb4 Rab8 18.Qd2 Rfd8 19.c4 Qb7 20.Qe2 a5 21.Nh5 Nxh5 22.Qxh5 a4
23.Bc3 Bf8 24.g4 Rdc8 25.Ka1 d5 26.exd5 Bxd5 27.Be5 Bxc4 28.Bxc4 Rxc4 29.Bxb8 Qxb8
30.Qe5 Qb4 31.f5 exf5 32.gxf5 Rc2 33.a3 Qb3 34.Rd8 Qc4 35.Rxf8+ Kh7 36.Rb1 Rc1  1-0

[Event "Pardubice Czech op"]
[Site "Pardubice"]
[Date "1998.??.??"]
[Round "2"]
[White "Chernyshov, Konstantin"]
[Black "Walek, Milan"]
[Result "1/2-1/2"]
[WhiteElo "2485"]
[BlackElo "2325"]

1.e4 c5 2.Nf3 Nc6 3.d4 cxd4 4.Nxd4 Nf6 5.Nc3 d6 6.Bg5 e6 7.Qd2 a6 8.O-O-O h6
9.Bh4 Bd7 10.Bg3 Be7 11.Nb3 e5 12.Bh4 g5 13.Bg3 Be6 14.Be2 b5 15.Qe3 Qc7
16.Kb1 Rc8 17.h4 Rg8 18.hxg5 hxg5 19.Rh6 Nb8 20.Rd2 Nbd7 21.f3 Bf8 22.Rh1 Nb6
23.Bf2 Rb8 24.Qd3 Bc4 25.Qe3 Be6 26.Qd3 Bc4 27.Qe3  1/2-1/2

[Event "Pardubice Czech op"]
[Site "Pardubice"]
[Date "1998.??.??"]
[Round "9"]
[White "Hracek, Zbynek"]
[Black "Gutman, Gennadi"]
[Result "1-0"]
[WhiteElo "2610"]
[BlackElo "2410"]

1.e4 c5 2.Nf3 d6 3.d4 cxd4 4.Nxd4 Nf6 5.Nc3 Nc6 6.Bg5 e6 7.Qd2 Be7 8.O-O-O O-O
9.f4 Nxd4 10.Qxd4 Qa5 11.Kb1 h6 12.h4 e5 13.Qd3 exf4 14.Bxf4 Be6 15.Be2 Rfc8
16.Nd5 Bxd5 17.exd5 Rc5 18.Bf3 Rac8 19.Rhe1 Bf8 20.Re2 Rc4 21.Bd2 Qd8 22.Be1 Nd7
23.b3 R4c5 24.Bg4 R8c7 25.Bxd7 Qxd7 26.Bb4 Rb5 27.Re4 Rc8 28.Rde1 a5 29.Ba3 Rb6
30.Bb2 Ra6 31.a4 Raa8 32.g4 Re8 33.g5 Rxe4 34.Qxe4 h5 35.c4 Qh3 36.Re3 Qd7
37.Bc3 Qc8 38.Kb2 Qd7 39.Qf3 Re8 40.Rxe8 Qxe8 41.Qxh5 Qe4 42.Bxa5 g6 43.Qd1 Qxh4
44.Qa1 Be7 45.Bd2 f6 46.Qe1 Qxe1 47.Bxe1 fxg5 48.Kc2 Kf7 49.Kd3 g4 50.Bg3 Kf6
51.Ke4 g5 52.b4 Bf8 53.b5 Ke7 54.Kf5 Bg7 55.Kxg5 Bd4 56.Kxg4 Kd7 57.Be1 b6
58.Kf5 Bc5 59.Bd2 Bf2 60.a5 bxa5 61.Bxa5 Bc5 62.Ke4 Kc8 63.Bd2 Kc7 64.Be3 Bb4
65.Kf5 Kd7 66.b6 Ba3 67.Bf4 Bc5 68.b7 Ba7 69.Be3 Bb8 70.Bb6  1-0

[Event "Paris op"]
[Site "Paris"]
[Date "1998.??.??"]
[Round "4"]
[White "Neron de Surgy, Gilles"]
[Black "Touzane, Olivier"]
[Result "0-1"]
[WhiteElo "2165"]
[BlackElo "2375"]

1.e4 c5 2.Nf3 d6 3.d4 cxd4 4.Nxd4 Nf6 5.Nc3 Nc6 6.Bg5 e6 7.Qd2 a6 8.O-O-O h6
9.Nxc6 bxc6 10.Bf4 d5 11.Qe3 Qa5 12.exd5 cxd5 13.Be2 Bb7 14.Be5 Nd7 15.Bd4 Bc5
16.Qg3 Bxd4 17.Rxd4 g6 18.Rhd1 Rc8 19.Kb1 Qc7 20.f4 Nc5 21.Bf3 O-O 22.Qf2 Rb8
23.Qd2 f5 24.Na4 Nd7 25.Qc3 Qd6 26.Qb4 Qxb4 27.Rxb4 Bc6 28.Rbd4 a5 29.b3 Rb4
30.c3 Rxd4 31.Rxd4 Rc8 32.Nb2 g5 33.g3 Kf7 34.c4 Nb6 35.cxd5 Bxd5 36.Bxd5 Nxd5
37.Nc4 Rc5 38.Ne5+ Kg7 39.Kb2 gxf4 40.gxf4 Nxf4 41.Nf3 Ng6 42.a3 f4 43.b4 axb4
44.axb4 Rh5 45.Rd2 e5 46.Re2 Rh3 47.Ng1 Rd3 48.Kc2 Rd8 49.Nf3 Kf6 50.Nd2 Kf5
51.Kc3 Nh4 52.Ne4 Nf3  0-1

[Event "HUN-ch op"]
[Site "Pecs"]
[Date "1998.??.??"]
[Round "2"]
[White "Neber, Akos"]
[Black "Varga, Peter"]
[Result "1-0"]
[WhiteElo "2080"]
[BlackElo "2390"]

1.e4 c5 2.Nf3 Nc6 3.d4 cxd4 4.Nxd4 Nf6 5.Nc3 d6 6.Bg5 e6 7.Qd2 a6 8.O-O-O h6
9.Bf4 Bd7 10.Nxc6 Bxc6 11.f3 d5 12.exd5 Nxd5 13.Nxd5 Qxd5 14.Qxd5 Bxd5 15.Be5 Rc8
16.Kb1 f6 17.Bc3 Kf7 18.Bd3 Be7 19.Rhe1 Rhd8 20.Rd2 Rc6 21.Be4 Bxe4 22.Rxe4 Rxd2
23.Bxd2 Bd6 24.h3 f5 25.Re2 Bg3 26.b3 b5 27.Bb4 Kf6 28.c3 e5 29.Kc2 Rc8 30.a4 bxa4
31.bxa4 Bf4 32.Kb3 Rb8 33.Kc4 Ke6 34.Kc5 Bg5 35.Kc6 Bd8 36.Rxe5+ Kf6 37.Rd5 a5
38.Bxa5 Bxa5 39.Rxa5 Rc8+ 40.Kb7 Rxc3 41.Rb5 f4 42.a5 Rc2 43.a6 Rxg2 44.a7 Ra2
45.Rb6+ Kg5 46.Ra6 Rb2+ 47.Kc7 Rc2+ 48.Kd7  1-0

[Event "HUN-ch op"]
[Site "Pecs"]
[Date "1998.??.??"]
[Round "6"]
[White "Amrein, Roland"]
[Black "Varga, Peter"]
[Result "0-1"]
[WhiteElo "2235"]
[BlackElo "2390"]

1.e4 c5 2.Nf3 Nc6 3.d4 cxd4 4.Nxd4 Nf6 5.Nc3 d6 6.Bg5 e6 7.Qd2 a6 8.O-O-O h6
9.Be3 Be7 10.f4 Qa5 11.Kb1 Nxd4 12.Bxd4 e5 13.Be3 b5 14.Nd5 Qxd2 15.Nxf6+ Bxf6
16.Rxd2 Bb7 17.Rxd6 Bxe4 18.Bd3 Bxd3 19.Rxd3 O-O 20.f5 Rfd8 21.Rhd1 Rxd3
22.Rxd3 Rd8 23.Rxd8+ Bxd8 24.c3 Bg5 25.Bc5 g6 26.fxg6 f5 27.Bd6 Bf6 28.h4 h5
29.a4 Kg7 30.axb5 axb5 31.Kc2 Kxg6 32.Kb3 f4 33.Kb4 Kf5 34.Kxb5 Bxh4 35.Kc4 e4
36.b4 Bg3 37.b5 h4 38.b6 f3 39.Bxg3 hxg3 40.gxf3 exf3 41.Kd3 g2  0-1

[Event "HUN-ch op"]
[Site "Pecs"]
[Date "1998.??.??"]
[Round "8"]
[White "Turzo, Attila"]
[Black "Tancsa, Robert"]
[Result "1/2-1/2"]
[WhiteElo "2415"]
[BlackElo "2090"]

1.e4 c5 2.Nf3 d6 3.d4 cxd4 4.Nxd4 Nf6 5.Nc3 Nc6 6.Bg5 e6 7.Qd2 a6 8.O-O-O h6
9.Be3 Be7 10.f3 Nxd4 11.Bxd4 b5 12.Kb1 Qa5 13.Bxf6 gxf6 14.Bd3 Bd7 15.f4 Bc6
16.f5 b4 17.Ne2 e5 18.Nc1 h5 19.Qe2 Qb6 20.Bc4 a5 21.Rhf1 Bf8 22.Rf3 Ke7
23.Rh3 h4 24.Bd5 Bb5 25.Qe1 Rc8 26.Rxh4 Bh6 27.Nd3 Be3 28.Rxh8 Rxh8 29.Qg3 Bg5
30.h3 Ba6 31.Qe1 Rc8 32.h4 Bh6 33.Qe2 Qc7 34.Bb3 Kf8 35.g4 Qa7 36.g5 fxg5
37.Qh5 Bg7 38.f6 Bxf6 39.hxg5 Bg7 40.Rf1 Bc4 41.Qg6 Qd7 42.Qh5 a4 43.Bxc4 Rxc4
44.g6 f6 45.Qe2 Qb7 46.Nf2 Rd4 47.Qg4 d5 48.Qe6 dxe4 49.Ng4 Qd7 50.Rxf6+ Bxf6
51.Qxf6+ Ke8 52.Qh8+ Ke7 53.Qf6+ Ke8 54.Qh8+ Ke7 55.Qf6+ Ke8 56.Qh8+ Ke7
57.Qxe5+ Kd8  1/2-1/2

[Event "HUN-ch op"]
[Site "Pecs"]
[Date "1998.??.??"]
[Round "9"]
[White "Sziebert, Adam"]
[Black "Seres, Lajos"]
[Result "0-1"]
[WhiteElo "2390"]
[BlackElo "2445"]

1.e4 c5 2.Nf3 Nc6 3.d4 cxd4 4.Nxd4 Nf6 5.Nc3 d6 6.Bg5 e6 7.Qd2 a6 8.O-O-O Bd7
9.f4 h6 10.Bxf6 Qxf6 11.Nf3 Qd8 12.g4 Qc7 13.Kb1 O-O-O 14.h4 Kb8 15.Bd3 g6
16.g5 Bg7 17.gxh6 Rxh6 18.Rhg1 Nd4 19.Ng5 Bc8 20.f5 gxf5 21.exf5 Rxh4 22.fxe6 fxe6
23.Rdf1 Bh6 24.Qf2 Bxg5 25.Rxg5 Rdh8 26.Qf6 Qb6 27.a3 Nc6 28.Rg7 Ne5 29.Ne4 Rh2
30.Rg3 Qc6 31.Nc3 R8h3 32.Be4 Qb6 33.Rxh3 Rxh3 34.Ka1 Rxc3 35.bxc3 Nc4 36.Rb1 Qc5
37.Rb4 a5 38.Rxc4 Qxc4 39.Bd3 Qc5 40.Kb2 Ka7 41.Qe7 Qc6 42.c4 e5 43.Qh4 Bd7
44.Qe7 Bg4 45.Qd8 Qb6+ 46.Qxb6+ Kxb6 47.Be4 Bd7 48.Kc3 Bc6 49.Bf5 Kc5 50.Bg4 Bg2
51.Be6 Bf1 52.Bf7 b6 53.Be6 e4 54.Bf7 e3 55.Be6 b5  0-1

[Event "World op"]
[Site "Philadelphia"]
[Date "1998.??.??"]
[Round "2"]
[White "Naole, Sean"]
[Black "Whitehead, Jay E"]
[Result "0-1"]
[WhiteElo "2145"]
[BlackElo "2410"]

1.e4 c5 2.Nf3 Nc6 3.d4 cxd4 4.Nxd4 Nf6 5.Nc3 d6 6.Bg5 e6 7.Qd2 Be7 8.O-O-O O-O
9.f4 Nxd4 10.Qxd4 Qa5 11.Bb5 Rd8 12.e5 dxe5 13.Qxe5 h6 14.Bh4 Ng4 15.Qh5 Nf6
16.Qe5 a6 17.Bd3 b5 18.Ne4 Rd5 19.Nxf6+ Bxf6 20.Qe1 Qa4 21.Bxf6 Qxf4+ 22.Kb1 Qxf6
23.Rf1 Qe5 24.Qf2 Qc7 25.g4 Bb7 26.h4 e5 27.Rde1 Rad8 28.g5 hxg5 29.hxg5 e4
30.g6 fxg6 31.Bxe4 Rd2 32.Qf3 Qc4 33.c3 Rd1+ 34.Rxd1 Bxe4+ 35.Kc1 Bxf3 36.Rxd8+ Kh7
37.Rxf3 g5 38.Rd4 Qxa2 39.Rg3 Kh6 40.Kc2 Qe6 41.Rg1 a5 42.Rh1+ Kg6 43.Rg1 Qc6
44.Kb3 Kh5 45.Re1 g4 46.Re5+ g5 47.Rdd5 Qf6 48.Rf5 Qg6 49.Rf1 g3 50.Rh1+ Kg4
51.Rd4+ Kf3 52.Rf1+ Kg2 53.Rdd1 Qe4 54.Rg1+ Kh2  0-1

[Event "Plzen opJ"]
[Site "Plzen"]
[Date "1998.??.??"]
[Round "1"]
[White "Kalod, Radek"]
[Black "Blecha, M."]
[Result "1-0"]
[WhiteElo "2435"]
[BlackElo "2070"]

1.e4 c5 2.Nf3 Nc6 3.d4 cxd4 4.Nxd4 Nf6 5.Nc3 d6 6.Bg5 e6 7.Qd2 a6 8.O-O-O h6
9.Be3 Be7 10.f4 Nxd4 11.Bxd4 b5 12.Bd3 Bb7 13.Rhe1 Qa5 14.a3 O-O 15.Kb1 Qc7
16.e5 Nd5 17.Ne4 dxe5 18.fxe5 b4 19.Nf6+ Kh8 20.axb4 Nxb4 21.c3 Nxd3 22.Qxd3 gxf6
23.exf6 Bd6 24.Qh3 Kh7 25.Be3 Be4+ 26.Kc1 Bf4 27.Rd4 Bxe3+ 28.Qxe3 Bg6 29.Rh4 h5
30.Qg5  1-0

[Event "Prievidza Cup 29th"]
[Site "Prievidza"]
[Date "1998.??.??"]
[Round "4"]
[White "Detko, Jan"]
[Black "Boidman, Yuri"]
[Result "0-1"]
[WhiteElo "2100"]
[BlackElo "2410"]

1.e4 c5 2.Nf3 Nc6 3.d4 cxd4 4.Nxd4 Nf6 5.Nc3 d6 6.Bg5 e6 7.Qd2 a6 8.O-O-O Bd7
9.f4 b5 10.Bxf6 gxf6 11.Kb1 Qb6 12.Nxc6 Bxc6 13.Qe1 Bd7 14.Bd3 b4 15.Ne2 Qc5
16.f5 e5 17.Rf1 h5 18.Qh4 Ke7 19.Ng3 Bh6 20.Nxh5 Bg5 21.Qg4 a5 22.Qe2 a4
23.g4 Rhc8 24.b3 a3 25.c4 bxc3 26.Kc2 Rab8 27.Qf2 Qa5 28.Rb1 Rb4 29.h4 Bd2
30.g5 fxg5 31.f6+ Kd8 32.Ng7 Rd4 33.hxg5 Bxg5 34.Qe2 Bb5 35.Rf3 Qa6 36.Nf5 Bxd3+  0-1

[Event "RUS-ch sf"]
[Site "Pskov"]
[Date "1998.??.??"]
[Round "11"]
[White "Bezgodov, Alexei"]
[Black "Ovetchkin, Roman"]
[Result "0-1"]
[WhiteElo "2520"]
[BlackElo "2475"]

1.e4 c5 2.Nf3 Nc6 3.d4 cxd4 4.Nxd4 Nf6 5.Nc3 d6 6.Bg5 Bd7 7.Qd2 Rc8 8.Nxc6 Bxc6
9.Bxf6 gxf6 10.Bc4 e6 11.Bb3 Qa5 12.O-O-O Rg8 13.f4 f5 14.Rhe1 fxe4 15.Nxe4 Qxd2+
16.Rxd2 Bxe4 17.Rxe4 Rc5 18.c3 h5 19.Rf2 Be7 20.Ree2 Bf6 21.Rf3 Ke7 22.Kd2 b5
23.Bc2 a5 24.a3 Rb8 25.f5 b4 26.axb4 axb4 27.fxe6 bxc3+ 28.bxc3 fxe6 29.Ref2 Bg5+
30.Ke1 d5 31.Bd1 Rb1 32.Ra2 Rc4 33.Rd3 Bf4 34.Kf2 h4 35.Ra7+ Kf6 36.g3 hxg3+
37.hxg3 Rb2+ 38.Kf1 Rd2 39.Rxd2 Bxd2 40.Ke2 Bxc3 41.Ra6 Rd4 42.Ba4 Re4+ 43.Kf3 Bd2
44.g4 Re3+ 45.Kf2 d4 46.Bd7 Ke7 47.Bb5 Be1+ 48.Kf1 Bh4 49.Ra2 Rf3+ 50.Kg1 Rg3+
51.Rg2 Rb3 52.Bf1 Bg5 53.Ra2 Bf4 54.Ra7+ Kf6 55.Rd7 e5 56.Kg2 Rg3+ 57.Kf2 Rxg4
58.Rd6+ Ke7 59.Rd7+ Kxd7 60.Bh3 Kd6 61.Bxg4 e4 62.Ke1 d3 63.Bf5 Ke5 64.Bg6 Kd4
65.Kd1 e3 66.Bh5 Bc7 67.Kc1 Ba5 68.Kd1 Ke5 69.Bf3 Kf4 70.Bh5 Bc3  0-1

[Event "Pula op"]
[Site "Pula"]
[Date "1998.??.??"]
[Round "3"]
[White "Fercec, Nenad"]
[Black "Podvrsnik, Marko"]
[Result "1-0"]
[WhiteElo "2455"]
[BlackElo "2205"]

1.e4 c5 2.Nf3 d6 3.d4 cxd4 4.Nxd4 Nf6 5.Nc3 Nc6 6.Bg5 e6 7.Qd2 Be7 8.O-O-O O-O
9.Nb3 a6 10.Bxf6 gxf6 11.Qh6 Kh8 12.Qh5 Qe8 13.f4 Rg8 14.g4 b5 15.Bd3 Nb4
16.Be2 Bb7 17.Na5 Rb8 18.Nxb7 Rxb7 19.Rd2 Rc7 20.a3 Nc6 21.h4 b4 22.axb4 Nxb4
23.Qa5 Qb8 24.Qa4 Rgc8 25.Rh3 Qb6 26.Bd1 Rb8 27.Qb3 Qa5 28.Kb1 Rcb7 29.Qa4 Qc5
30.Ne2 Nc6 31.b3 Nb4 32.g5 Rb5 33.Qa1 e5 34.Qc3 Qb6 35.Qc4 d5 36.exd5 Rc5
37.Qe4 Qa5 38.c3 Nxd5 39.Bc2 Rxb3+ 40.Bxb3 Nxc3+ 41.Nxc3 Rxc3 42.Rxc3 Qxc3
43.Qa8+ Kg7 44.Qd5  1-0

[Event "CRO-Cup"]
[Site "Pula"]
[Date "1998.??.??"]
[Round "3"]
[White "Palac, Mladen"]
[Black "Kozul, Zdenko"]
[Result "0-1"]
[WhiteElo "2545"]
[BlackElo "2585"]

1.e4 c5 2.Nf3 Nc6 3.d4 cxd4 4.Nxd4 Nf6 5.Nc3 d6 6.Bg5 e6 7.Qd2 a6 8.O-O-O Bd7
9.f4 h6 10.Bh4 g5 11.fxg5 Ng4 12.Be2 Nge5 13.Nf3 Be7 14.Rhg1 b5 15.Rdf1 b4
16.Nd1 a5 17.Bb5 Rc8 18.Kb1 Qb6 19.Nxe5 Nxe5 20.Bxd7+ Kxd7 21.Bf2 Qc6 22.Bd4 Bxg5
23.Qe2 Ke7 24.Bxe5 dxe5 25.Nf2 Qc4 26.Nd3 f5 27.Re1 fxe4 28.Nxe5 Qxe2 29.Rxe2 Rhd8
30.Rxe4 Rd2 31.Nc4 Rf2 32.Rge1 Rc6 33.h4 Bf6 34.g3 Kf7 35.h5 Rc5 36.g4 e5
37.Kc1 Bg5+ 38.Kb1 Bf4 39.b3 Kf6 40.Rd1 Kg5 41.Rde1 Rg2 42.Kb2 Kf6 43.Rd1 Kg5
44.Rde1 Kh4 45.Kb1 Kg3 46.Rf1 Rf2 47.Rg1+ Rg2 48.Rge1 Rh2 49.Rg1+ Kf2 50.Rge1 a4
51.a3 bxa3 52.Ka2 axb3+ 53.cxb3 Kf3+ 54.Kxa3 Rb5 55.b4 Kxg4 56.Nxe5+ Kf5  0-1

[Event "Pula op"]
[Site "Pula"]
[Date "1998.??.??"]
[Round "4"]
[White "Delchev, Aleksander"]
[Black "Nikolac, Juraj"]
[Result "1-0"]
[WhiteElo "2545"]
[BlackElo "2435"]

1.e4 c5 2.Nf3 d6 3.d4 cxd4 4.Nxd4 Nf6 5.Nc3 Nc6 6.Bg5 e6 7.Qd2 Be7 8.O-O-O Nxd4
9.Qxd4 a6 10.f4 b5 11.Bxf6 gxf6 12.f5 Qc7 13.Be2 Qc5 14.Qxc5 dxc5 15.fxe6 fxe6
16.Bh5+ Kf8 17.e5 f5 18.g4 Ra7 19.gxf5 exf5 20.Nd5 Bg5+ 21.Kb1 Be6 22.Rhg1 Rg8
23.Nf4 Bxf4 24.Rd8+ Ke7 25.Rdxg8 Bxg8 26.Rg7+ Ke6 27.Rxa7 Kxe5 28.h4 Be3
29.Rg7 Bd5 30.Rxh7 f4 31.Re7+ Kf6 32.Re8 Bf2 33.Rf8+ Ke5 34.Bg6 Bxh4 35.Rf5+ Ke6
36.Rxf4 Be7 37.Bf7+ Ke5 38.Rf2 Bb7 39.Re2+ Kf6 40.Bg8 Bc8 41.Bd5 c4 42.a4  1-0

[Event "Pula op"]
[Site "Pula"]
[Date "1998.??.??"]
[Round "6"]
[White "Krstic, Uros"]
[Black "Kutuzovic, Branko"]
[Result "1-0"]
[WhiteElo "2265"]
[BlackElo "2425"]

1.e4 c5 2.Nf3 d6 3.d4 cxd4 4.Nxd4 Nf6 5.Nc3 Nc6 6.Bg5 e6 7.Qd2 a6 8.O-O-O h6
9.Be3 Bd7 10.f3 b5 11.Nxc6 Bxc6 12.Ne2 Qc7 13.Nd4 Bb7 14.g4 Nd7 15.Kb1 Ne5
16.Be2 Rc8 17.h4 d5 18.exd5 Bxd5 19.Bf4 Nc4 20.Bxc7 Nxd2+ 21.Rxd2 Rxc7 22.a4 bxa4
23.Bxa6 Bc5 24.Bb5+ Ke7 25.Bxa4 Ra8 26.b3 Rb7 27.Nf5+ Kf6 28.Rxd5 exd5 29.Bc6 Rba7
30.Bxa8 Rxa8 31.Rd1 g6 32.Rxd5 Bb4 33.Ng3 Ke6 34.Rd3 f5 35.gxf5+ gxf5 36.c3 Bc5
37.Nxf5  1-0

[Event "CRO-ch06"]
[Site "Pula"]
[Date "1998.??.??"]
[Round "11"]
[White "Fercec, Nenad"]
[Black "Palac, Mladen"]
[Result "0-1"]
[WhiteElo "2455"]
[BlackElo "2545"]

1.e4 c5 2.Nf3 Nc6 3.d4 cxd4 4.Nxd4 Nf6 5.Nc3 d6 6.Bg5 e6 7.Qd2 a6 8.O-O-O h6
9.Be3 Be7 10.f4 Qc7 11.Be2 Bd7 12.Bf3 Na5 13.Kb1 Rc8 14.Qf2 Nc4 15.Bc1 Qb6
16.Qg3 Na3+ 17.Ka1 Rxc3 18.bxa3 Nxe4 19.Qe1 d5 20.Bxe4 Rc4 21.Bb2 dxe4 22.Qxe4 Bf6
23.Qd3 Qc7 24.g4 O-O 25.g5 hxg5 26.fxg5 Bxd4 27.Bxd4 Ba4 28.Rc1 Rd8  0-1